Music Quiz

Random Music Quiz

What Were You Expecting? Lyrics Quiz Stats

 Plays Quiz not verified by Sporcle

Score 0/271 Timer 08:00
0 Plays Today
% Correct
what
100%
you
100%
You
100%
you
100%
What
100%
were
100%
you
100%
expecting
100%
you
100%
You
100%
You
100%
you
100%
you
100%
What
100%
were
100%
you
100%
expecting
100%
you
100%
You
100%
You
100%
you
100%
What
100%
were
100%
you
100%
expecting
100%
you
100%
You
100%
What
100%
were
100%
you
100%
expecting
100%
you
100%
You
100%
You
100%
Are
95.1%
are
95.1%
Are
95.1%
Are
95.1%
must
92.7%
be
92.7%
kidding
92.7%
must
92.7%
be
92.7%
must
92.7%
be
92.7%
kidding
92.7%
must
92.7%
be
92.7%
must
92.7%
be
92.7%
Be
92.7%
kidding
92.7%
must
92.7%
be
92.7%
kidding
92.7%
must
92.7%
be
92.7%
must
92.7%
be
92.7%
your
90.2%
your
90.2%
your
90.2%
your
90.2%
I
87.8%
know
87.8%
you're
87.8%
not
87.8%
know
87.8%
I'm
87.8%
not
87.8%
Not
87.8%
I
87.8%
never
87.8%
was
87.8%
The
87.8%
of
87.8%
in
87.8%
I
87.8%
never
87.8%
was
87.8%
The
87.8%
not
87.8%
I
87.8%
never
87.8%
was
87.8%
The
87.8%
I
87.8%
the
87.8%
I'm
87.8%
not
87.8%
on
87.8%
% Correct
it
87.8%
it
87.8%
think
87.8%
it
87.8%
it
87.8%
it
87.8%
it
87.8%
it
87.8%
I
87.8%
it
87.8%
high
87.8%
high
87.8%
it
87.8%
was
87.8%
I
87.8%
I
87.8%
I
87.8%
the
87.8%
never
87.8%
was
87.8%
It
87.8%
never
87.8%
was
87.8%
I
87.8%
never
87.8%
was
87.8%
The
87.8%
of
87.8%
it
87.8%
it
87.8%
I
87.8%
it
87.8%
high
87.8%
high
87.8%
it
87.8%
was
87.8%
I'm
87.8%
in
87.8%
the
87.8%
high
87.8%
high
87.8%
high
87.8%
it
87.8%
was
87.8%
thinking
85.4%
right
85.4%
kind
85.4%
girl
85.4%
love
85.4%
kind
85.4%
kind
85.4%
love
85.4%
Another
85.4%
lullaby
85.4%
just
85.4%
one
85.4%
just
85.4%
just
85.4%
kind
85.4%
girl
85.4%
Another
85.4%
lullaby
85.4%
just
85.4%
one
85.4%
Another
85.4%
lullaby
85.4%
Another
85.4%
lullaby
85.4%
just
85.4%
one
85.4%
But
82.9%
baby
82.9%
tonight
82.9%
to
82.9%
and
82.9%
to
82.9%
but
82.9%
but
82.9%
Cause
82.9%
kiss
82.9%
to
82.9%
cause
82.9%
to
82.9%
but
82.9%
Cause
82.9%
kiss
82.9%
and
82.9%
to
82.9%
Cause
82.9%
kiss
82.9%
fall
80.5%
% Correct
don't
80.5%
don't
80.5%
don't
80.5%
don't
80.5%
don't
80.5%
should
78%
want
78%
need
78%
need
78%
want
78%
want
78%
need
78%
say
75.6%
like
75.6%
say
75.6%
say
75.6%
believe
75.6%
flowers
75.6%
like
75.6%
believe
75.6%
say
75.6%
trip
73.2%
enough
73.2%
is
73.2%
enough
73.2%
tell
73.2%
go
73.2%
candy
73.2%
taste
73.2%
tell
73.2%
hate
68.3%
waste
68.3%
they'll
65.9%
playin
65.9%
me
63.4%
feeling
61%
cloud
61%
nine
61%
house
61%
touchy
58.5%
this
58.5%
feely
56.1%
Hey
56.1%
Hey
56.1%
Hey
56.1%
stick
56.1%
around
56.1%
Hey
56.1%
Hey
56.1%
Hey
56.1%
Hey
56.1%
Hey
56.1%
Hey
56.1%
A
53.7%
a
53.7%
co-dependent
51.2%
at
51.2%
way
51.2%
possibility
48.8%
My
48.8%
good
48.8%
Everything
48.8%
get
48.8%
up
48.8%
Ya
46.3%
Ya
46.3%
Ya
46.3%
Ya
46.3%
Ya
46.3%
Ya
46.3%
Ya
46.3%
ya
46.3%
let
46.3%
down
46.3%
Ya
46.3%
Ya
46.3%
ya
46.3%
about
46.3%
makes
46.3%
man
46.3%
knees
46.3%
trying
46.3%
nicest
46.3%
intention
43.9%
that's
43.9%
scream
43.9%
off
43.9%
I'd
39%
There
29.3%

You're not logged in!

Compare scores with friends on all Sporcle quizzes.
OR
Log In

Show Comments

Extras

Created Feb 25, 2014ReportNominate

Top Quizzes Today


Score Distribution

Your Account Isn't Verified!

In order to create a playlist on Sporcle, you need to verify the email address you used during registration. Go to your Sporcle Settings to finish the process.

Report this User

Report this user for behavior that violates our Community Guidelines.

Details: